La vuelta al mundo en ochenta días / (Record no. 147576)
[ view plain ]
| 000 -CABECERA | |
|---|---|
| campo de control de longitud fija | 00830nam a2200241 u 4500 |
| 005 - FECHA Y HORA DE LA ÚLTIMA TRANSACCIÓN | |
| campo de control | 20240806063821.0 |
| 008 - ELEMENTOS DE LONGITUD FIJA--INFORMACIÓN GENERAL | |
| campo de control de longitud fija | 100422s2009 cl r 000 0 spa d |
| 020 ## - NÚMERO INTERNACIONAL NORMALIZADO PARA LIBROS | |
| Número Internacional Estándar del Libro | 9589782531 |
| 035 ## - NÚMERO DE CONTROL DEL SISTEMA | |
| Número de control de sistema | UPN01000175472 |
| 049 ## - COLECCIÓN | |
| Colección | CG |
| 050 #4 - SIGNATURA TOPOGRÁFICA DE LA BIBLIOTECA DEL CONGRESO | |
| Número de clasificación | PQ2469 E8 |
| Número de documento/Ítem | V8.3a |
| 100 1# - ASIENTO PRINCIPAL--NOMBRE PERSONAL | |
| Nombre de persona | Verne, Jules, |
| Fechas asociadas al nombre | 1828-1905 |
| 9 (RLIN) | 27907 |
| 245 13 - MENCIÓN DE TÍTULO | |
| Título | La vuelta al mundo en ochenta días / |
| Mención de responsabilidad, etc. | Julio Verne ; il. Germán Bello ; tr. Eliana Agrana Fernández. |
| 260 ## - PUBLICACIÓN, DISTRIBUCIÓN, ETC. | |
| Lugar de publicación, distribución, etc. | Bogotá : |
| Nombre del editor, distribuidor, etc. | Gato Azul : |
| -- | Cangrejo, |
| Fecha de publicación, distribución, etc. | 2009. |
| 300 ## - DESCRIPCIÓN FÍSICA | |
| Extensión | 311 p. : |
| Otras características físicas | il. col. |
| 440 #0 - MENCIÓN DE SERIE/ASIENTO SECUNDARIO--TÍTULO | |
| Título | Julio Verne |
| 534 ## - NOTA SOBRE LA VERSIÓN ORIGINAL | |
| Frase introductoria | Título original: |
| Mención de título del original | Le tour du monde en quatre-vingrs jours |
| 650 #0 - ASIENTO SECUNDARIO DE MATERIA - TERMINO TEMATICO | |
| Término de materia o nombre geográfico como elemento de entrada | Historias de aventuras |
| 9 (RLIN) | 4131 |
| 650 #0 - ASIENTO SECUNDARIO DE MATERIA - TERMINO TEMATICO | |
| Término de materia o nombre geográfico como elemento de entrada | Literatura francesa |
| Subdivisión cronológica | Siglo XIX |
| 9 (RLIN) | 12797 |
| 650 #4 - ASIENTO SECUNDARIO DE MATERIA - TERMINO TEMATICO | |
| Término de materia o nombre geográfico como elemento de entrada | Literatura juvenil |
| 9 (RLIN) | 5153 |
| 650 #0 - ASIENTO SECUNDARIO DE MATERIA - TERMINO TEMATICO | |
| Término de materia o nombre geográfico como elemento de entrada | Viajes alrededor del mundo |
| Subdivisión de forma | Novela |
| 9 (RLIN) | 4089 |
| 905 ## - TIPO DE MATERIAL | |
| Tipo de material | Libro |
| Estado de retiro | Estado de pérdida | Fuente del sistema de clasificación o colocación | Estado dañado | No para préstamo | Código de colección | Localización permanente | Ubicación/localización actual | Ubicación en estantería | Total de préstamos | Clasificación | Código de barras | Fecha visto por última vez | Número de copia | Tipo de ítem Koha |
|---|---|---|---|---|---|---|---|---|---|---|---|---|---|---|
| Library of Congress Classification | Colección General | Bib. Gregorio Torres Quintero | Bib. Gregorio Torres Quintero | Planta baja | 7 | PQ2469 E8 V8.3a | 274102 | 31/12/2020 | 1 | Libro |
